000 00867nam a2200253Ia 4500
003 OSt
005 20221005112527.0
006 a|||||r|||| 00| 0
007 ta
008 221004b |||||||| |||| 00| 0 pan d
020 _a9789350176405 (hbk)
_c200
024 _a4734
037 _b752, 12/03/2013, Bright Book Service
_cTextual
040 _aCRL
_cCRL
_bpan
041 _2pan
_apan
082 _aOxk, 153Q1
100 _aਕਪੂਰ, ਨਰਿੰਦਰ ਸਿੰਘ
245 0 _aਕੱਲਿਆਂ ਦਾ ਕਾਖ਼ਲਾ
260 _aਚੰਡੀਗੜ
_bਲੋਕਗੀਤ ਭਾਰਤ
_c2011
300 _a352ਪੰ
_ccm.
650 _aਪੰਜਾਬੀ ਸਾਹਿਤ
942 _hOxk, 153Q1
_cTEXL
_2cc
999 _c1025162
_d1025162